000 00582nam a2200229Ia 4500
003 OSt
005 20221007064937.0
006 a|||||r|||| 00| 0
007 ta
008 221006b |||||||| |||| 00| 0 eng d
024 _a8,264
037 _cTextual
040 _aFLL
_cFLL
_beng
041 _2eng
_aeng
082 _aZ2,2,3, M0
100 _aJaspal Singh
245 0 _aDelhi rent control act
260 _aDelhi
_bPioneer Publications India
_c1980
300 _a638p
_ccm.
942 _hZ2,2,3, M0
_cTEXL
_2CC
999 _c1135826
_d1135826